Biblioteca

Los alemanes en la conquista de América (Registro nro. 70662)

Detalles MARC
000 -LÍDER
Campo fijo de descripción fija 01580nam a2200373 i 4500
001 - NÚMERO DE CONTROL
Campo de control 768714001
003 - IDENTIFICADOR DEL NÚMERO DE CONTROL
Campo de control CO-MdFUSB
005 - FECHA Y HORA DE LA ULTIMA TRANSACCIÓN
control field 20260504104856.0
007 - CAMPO FIJO DE DESCRIPCIÓN FIJA--INFORMACIÓN GENERAL
Campo fijo de descripción fija ta
008 - ELEMENTOS DE LONGITUD FIJA -- INFORMACIÓN GENERAL
Campo fijo de descripción fija -- Información general 240731t1998 ck ||||| |||| 00| 0 spa d
020 ## - NÚMERO INTERNACIONAL NORMALIZADO PARA LIBROS
Número Internacional Normalizado del libro 9586146200
040 ## - FUENTE DE CATALOGACIÓN
Agencia de catalogación original CO-MdFUSB
Idioma de catalogación spa
Agencia que realiza la transcripción CO-MdFUSB
Agencia que realiza la modificación CO-MdFUSBC
Convenciones de la descripción rda
041 ## - CÓDIGO DE IDIOMA
Código de idioma para texto/pista de sonido o título separado spa
082 ## - NÚMERO DE CLASIFICACIÓN DECIMAL DEWEY
Número de la edición del Dewey 23
Número de clasificación 980
Clave de autor-Numero de item AR674
100 ## - ASIENTO PRINCIPAL--NOMBRE PERSONAL
Nombre personal Arciniegas, Germán,
Término relacionador autor
245 #4 - TÍTULO
Título del Material Los alemanes en la conquista de América
Mención de responsabilidad, etc. / Germán Arciniegas
250 ## - MENCIÓN DE EDICIÓN
Mención de edición primera edición
264 #1 - PRODUCCIÓN, PUBLICACIÓN, DISTRIBUCIÓN, MANUFACTURA, Y COPYRIGHT
Lugar de producción, publicación, distribución, manufactura Bogotá, Colombia :
Nombre del productor, publicador, distribuidor Planeta Colombiana,
Fecha de producción, publicación, distribución, manufactura, o copyright [1998]
264 #4 - PRODUCCIÓN, PUBLICACIÓN, DISTRIBUCIÓN, MANUFACTURA, Y COPYRIGHT
Fecha de producción, publicación, distribución, manufactura, o copyright ©1998
300 ## - DESCRIPCIÓN FÍSICA
Extensión 223 páginas
Dimensiones ; 23 cm
336 ## - TIPO DE CONTENIDO
Fuente rdacontent
Término de tipo de contenido texto
Código de tipo de contenido txt
337 ## - TIPO DE MEDIO
Fuente rdamedia
Nombre del tipo de medio sin mediación
Código del tipo de medio n
338 ## - TIPO DE SOPORTE
Fuente rdacarrier
Nombre del tipo de soporte volumen
Código Tipo de soporte nc
490 ## - MENCIÓN DE SERIE
Mención de serie La línea del horizonte,
505 ## - NOTA DE CONTENIDO
Nota de contenido con formato preestablecido <br/>
520 ## - NOTA DE RESUMEN, ETC.
Nota de sumario, etc. Es una historia apasionante, narrada con la prosa característica de Arciniegas, sobre cómo, antes que la espada de los conquistadores españoles, fue la acción de los banqueros alemanes —los Fúcares y los Bélzares— la que impulsó, si no el Descubrimiento, sí la Conquista del Nuevo Mundo. El autor describe cómo comerciantes, banqueros e impresores alemanes penetraron en territorio español y contribuyeron al proceso de conquista en América.
563 ## - NOTA DE ENCUADERNACIÓN
Nota de encuadernación Rústico
653 ## - TÉRMINO DE INDIZACIÓN - NO CONTROLADO
Término no controlado Alemanes — América — Historia
653 ## - TÉRMINO DE INDIZACIÓN - NO CONTROLADO
Término no controlado Colonización — América — Historia
653 ## - TÉRMINO DE INDIZACIÓN - NO CONTROLADO
Término no controlado América — Historia — Conquista, 1492-1550
653 ## - TÉRMINO DE INDIZACIÓN - NO CONTROLADO
Término no controlado Inversiones extranjeras — Alemania — Historia
942 ## - TIPO DE MATERIAL (KOHA)
Tipo de Item KOHA Libros General
945 ## - INFORMACIÓN LOCAL DEL REGISTRO
Catalogador JTF-925
Existencias
Estado de Material Estado de Perdido Forma de Clasificación Estado de Dañado No para Préstamo Colección Biblioteca de Origen Biblioteca Permanente Fecha de Adquisición Área Total de Préstamos Signatura Topográfica Código de Barras Última vez visto Ejemplar/Existencia Fecha de Remplazo Tipo de Material
    Dewey Decimal Classification     Colección General Biblioteca FUSBC Biblioteca FUSBC 31/07/2024 HISTORIA   G 980.01 AR674a 23746 31/07/2024 Ej. 1 31/07/2024 Libros General

Biblioteca FUSBC | Teléfono: (57+4) 349 88 10 Ext. 141| WhatsApp (+57) 3005338115 
E-mail: biblioteca@unisbc.edu.co | Calle 76 87-14 Robledo Palenque, Medellín, Colombia

Con tecnología Koha